000 00848nam a2200253 a 4500
001 000002021
003 DO-SdBNP
005 20240412074309.0
007 ta
008 090630s2021 dr a 000 j spa d
040 _aDO-SdBNP
_bspa
_cBNPHU
082 _axxx
_bC574
110 _aEscuelas Radiofonicas Santa María
_981562
245 1 0 _aCincuenta años :
_chistoria de servicio 1971-2021
246 2 3 _a50 años :
_bhistoria de servicio 1971-2021
246 2 8 _aAntología 7mo Concurso de cuentos Radio Santa María
260 _aSanto Domingo :
_bGrupo León Jiménes,
_c2000.
_fAmigo del Hogar
300 _a23 p. :
_bil ;
_c29 cm.
505 0 _tMenciones de honor : Manuela Rodríguez (Santiago) --
_tSan Alejo los aleje /
590 _aInventariado, 2022 / DG
650 0 _aLiteratura dominicana.
_967
910 _aDG
942 _2ddc
_cLF2
999 _c51654
_d51654